| 000 -LEADER |
| fixed length control field |
00363pab a2200133 454500 |
| 008 - FIXED-LENGTH DATA ELEMENTS--GENERAL INFORMATION |
| fixed length control field |
180718b1988 xxu||||| |||| 00| 0 eng d |
| 100 ## - MAIN ENTRY--PERSONAL NAME |
| Personal name |
Choguill, Charles L. |
| 245 ## - TITLE STATEMENT |
| Title |
Problems in providing low - income urban housing in Bangladesh |
| 260 ## - PUBLICATION, DISTRIBUTION, ETC. |
| Date of publication, distribution, etc. |
1988 |
| 300 ## - PHYSICAL DESCRIPTION |
| Extent |
29-40 |
| 650 ## - SUBJECT ADDED ENTRY--TOPICAL TERM |
| Topical term or geographic name entry element |
Housing - Bangladesh |
| 773 ## - HOST ITEM ENTRY |
| Main entry heading |
Habitat International |
| 909 ## - |
| -- |
10132 |